[Event "Berlin Lichtenberger op 18th"]
[Site "Berlin"]
[Date "2019.08.20"]
[Round "4"]
[White "Wallmann, Bodo"]
[Black "Caglar, Erdal"]
[Result "1-0"]
[WhiteElo "1789"]
[BlackElo "1514"]
[PlyCount "67"]
[EventDate "2019.08.17"]
[EventType "swiss"]
[EventRounds "9"]
[EventCountry "GER"]
[SourceTitle "EXT 2020"]
[Source "ChessBase"]
[SourceDate "2019.10.17"]
[SourceVersion "1"]
[SourceVersionDate "2019.10.17"]
[SourceQuality "1"]

1. e4 Nc6 2. d4 e5 3. Nf3 exd4 4. Nxd4 Bc5 5. Be3 Qf6 6. c3 Nge7 7. Qd2 Nxd4 8. cxd4 Bb6 9. Nc3 0-0 10. Na4 Nc6 11. Nxb6 axb6 12. Be2 d6 13. 0-0 Qg6 14. Bd3 Bh3 15. f4 Bc8 16. Rf3 f6 17. b3 Ne7 18. f5 Qe8 19. Rc1 c6 20. Rcf1 Kh8 21. Bb1 Ng8 22. Bf4 Qe7 23. Qb4 c5 24. Qxb6 Ra6 25. Qb5 cxd4 26. Qd3 Bd7 27. Qxd4 Bb5 28. Re1 Rd8 29. a4 Be8 30. Rh3 Bf7 31. Rd1 Qc7 32. Kf1 Rb6 33. Rc1 Qd7 34. Qxb6 1-0

[Event "Berlin Eckbauer op 21st"]
[Site "Berlin"]
[Date "2018.10.08"]
[Round "1"]
[White "Heerde, Thomas"]
[Black "Wallmann, Bodo"]
[Result "1-0"]
[WhiteElo "2027"]
[BlackElo "1789"]
[PlyCount "51"]
[EventDate "2018.10.08"]
[EventType "swiss"]
[EventRounds "7"]
[EventCountry "GER"]
[SourceTitle "CBM 189 Extra"]
[Source "ChessBase"]
[SourceDate "2019.06.03"]
[SourceVersion "1"]
[SourceVersionDate "2019.06.03"]
[SourceQuality "1"]

1. c4 e6 2. g3 Nf6 3. Bg2 c6 4. e4 d5 5. e5 Nfd7 6. d4 Be7 7. Nc3 0-0 8. Nf3 b6 9. 0-0 Bb7 10. Re1 Re8 11. h4 Nf8 12. Bg5 Bxg5 13. hxg5 Na6 14. Qd2 Nc7 15. b3 Qe7 16. Rad1 Rad8 17. Nh2 Qb4 18. Ng4 Kh8 19. Qb2 b5 20. c5 Na8 21. Bf1 Qa5 22. Bd3 Qc7 23. Kg2 Qe7 24. Qc1 Nd7 25. Rh1 Nf8 26. Nf6 1-0

[Event "Berlin Lichtenberger op 17th"]
[Site "Berlin"]
[Date "2018.08.20"]
[Round "3"]
[White "Ruddat, Mathias"]
[Black "Wallmann, Bodo"]
[Result "0-1"]
[WhiteElo "1399"]
[BlackElo "1814"]
[PlyCount "68"]
[EventDate "2018.08.18"]
[EventType "swiss"]
[EventRounds "9"]
[EventCountry "GER"]
[SourceTitle "CBM 186 Extra"]
[Source "ChessBase"]
[SourceDate "2018.08.24"]
[SourceVersion "1"]
[SourceVersionDate "2018.08.24"]
[SourceQuality "1"]

1. e4 c5 2. Nf3 d6 3. d4 cxd4 4. Nxd4 Nf6 5. Nc3 a6 6. f3 e5 7. Nb3 Be7 8. Be3 Qc7 9. Qd2 Be6 10. Nd5 Nxd5 11. exd5 Bf5 12. 0-0-0 0-0 13. g4 Bd7 14. Qa5 Qc8 15. h4 Bd8 16. Bb6 f5 17. g5 Be7 18. Bd3 Be8 19. Rde1 Nd7 20. Nd4 Nxb6 21. Qxb6 Bd7 22. Ne6 Bxe6 23. dxe6 Qxe6 24. Qxb7 Kh8 25. b3 d5 26. Bf1 Ba3+ 27. Kd1 e4 28. fxe4 dxe4 29. Bc4 Qe5 30. Ke2 Qg3 31. Ref1 Bc5 32. Kd1 Rfd8+ 33. Kc1 Ba3+ 34. Kb1 Qc3 0-1

[Event "Berlin Lichtenberger op 17th"]
[Site "Berlin"]
[Date "2018.08.18"]
[Round "1"]
[White "Poseck, Steffen"]
[Black "Wallmann, Bodo"]
[Result "1-0"]
[WhiteElo "2052"]
[BlackElo "1814"]
[PlyCount "39"]
[EventDate "2018.08.18"]
[EventType "swiss"]
[EventRounds "9"]
[EventCountry "GER"]
[SourceTitle "CBM 186 Extra"]
[Source "ChessBase"]
[SourceDate "2018.08.24"]
[SourceVersion "1"]
[SourceVersionDate "2018.08.24"]
[SourceQuality "1"]

1. d4 d5 2. c4 c6 3. cxd5 cxd5 4. Nc3 Nf6 5. Bf4 a6 6. e3 e6 7. Bd3 Bd6 8. Bg3 Nc6 9. f4 b5 10. a3 Na5 11. Qe2 Bb7 12. Nf3 Nc4 13. Ne5 Qa5 14. 0-0 0-0 15. Bh4 Bxe5 16. fxe5 Ne4 17. Nxe4 dxe4 18. Bxc4 bxc4 19. Qg4 Kh8 20. Be7 1-0

[Event "Berlin Eckbauer op 20th"]
[Site "Berlin"]
[Date "2017.10.09"]
[Round "1"]
[White "Boettcher, Patrick"]
[Black "Wallmann, Bodo"]
[Result "1-0"]
[WhiteElo "2099"]
[BlackElo "1814"]
[PlyCount "67"]
[EventDate "2017.10.09"]
[EventType "swiss"]
[EventRounds "7"]
[EventCountry "GER"]
[SourceTitle "CBM 189 Extra"]
[Source "ChessBase"]
[SourceDate "2019.06.03"]
[SourceVersion "1"]
[SourceVersionDate "2019.06.03"]
[SourceQuality "1"]

1. d4 d5 2. Nf3 Nf6 3. c4 e6 4. g3 Nbd7 5. Bg2 c6 6. Qc2 Bb4+ 7. Bd2 Bxd2+ 8. Nbxd2 0-0 9. 0-0 Re8 10. e4 dxe4 11. Nxe4 Nxe4 12. Qxe4 e5 13. dxe5 Qe7 14. Rad1 Nf8 15. Rfe1 Ng6 16. Qd4 Be6 17. h3 Rad8 18. Qc3 c5 19. Nh2 Qc7 20. f4 Qc8 21. h4 Ne7 22. b3 b6 23. Nf1 Nf5 24. Kh2 Nd4 25. Ne3 Bg4 26. Nxg4 Qxg4 27. Qd3 g6 28. Qe4 f6 29. Rd3 f5 30. Qb7 Ne2 31. Bd5+ Kh8 32. Qc6 Rf8 33. e6 Rfe8 34. e7 1-0

[Event "Berlin Eckbauer op 19th"]
[Site "Berlin"]
[Date "2016.10.17"]
[Round "2"]
[White "Baer, Alexander"]
[Black "Wallmann, Bodo"]
[Result "0-1"]
[WhiteElo "1263"]
[BlackElo "1814"]
[PlyCount "96"]
[EventDate "2016.10.10"]
[EventType "swiss"]
[EventRounds "7"]
[EventCountry "GER"]
[SourceTitle "EXT 2022"]
[Source "ChessBase"]
[SourceDate "2021.10.06"]
[SourceVersion "1"]
[SourceVersionDate "2021.10.06"]
[SourceQuality "1"]

1. e4 c5 2. Nf3 d6 3. d4 cxd4 4. Nxd4 Nf6 5. Nc3 a6 6. Be2 e5 7. Nf3 h6 8. 0-0 Be6 9. Be3 Be7 10. h3 0-0 11. a3 b5 12. b4 Qc7 13. Qd2 Nbd7 14. Rac1 Rac8 15. Nd5 Nxd5 16. exd5 Bf5 17. Ne1 Nb6 18. Bxb6 Qxb6 19. Qe3 Qb7 20. Qf3 Bg6 21. c4 Bg5 22. c5 Bxc1 23. c6 Qb6 24. Qc3 Bg5 25. Nf3 Bf6 26. Qe3 Qxe3 27. fxe3 e4 28. Nd2 Bg5 29. Kf2 f5 30. g3 Bf7 31. a4 Bxd5 32. axb5 axb5 33. Bxb5 Rb8 34. Bc4 Bxc4 35. Nxc4 Be7 36. Rd1 Rxb4 37. Nxd6 Rb2+ 38. Ke1 Bxd6 39. Rxd6 Rc2 40. Kd1 Rc5 41. Ke2 Rc8 42. g4 R8xc6 43. Rd8+ Kh7 44. gxf5 Rc2+ 45. Rd2 Rxd2+ 46. Kxd2 Rd6+ 47. Ke2 Rd5 48. Kf2 Rxf5+ 0-1

[Event "Berlin Eckbauer op 17th"]
[Site "Berlin"]
[Date "2014.11.24"]
[Round "7"]
[White "Korell, Klaus Peter"]
[Black "Wallmann, Bodo"]
[Result "1-0"]
[WhiteElo "1901"]
[BlackElo "1894"]
[PlyCount "71"]
[EventDate "2014.10.06"]
[EventType "swiss"]
[EventRounds "7"]
[EventCountry "GER"]
[SourceTitle "EXT 2022"]
[Source "ChessBase"]
[SourceDate "2021.10.06"]
[SourceVersion "1"]
[SourceVersionDate "2021.10.06"]
[SourceQuality "1"]

1. d4 e6 2. c4 f5 3. g3 d5 4. Bg2 Nf6 5. Nc3 c6 6. cxd5 cxd5 7. Nh3 Be7 8. 0-0 0-0 9. Bf4 a6 10. Rc1 Nc6 11. Na4 Nd7 12. a3 Qe8 13. b4 Kh8 14. Bc7 Bd8 15. Bxd8 Qxd8 16. Nf4 Qf6 17. e3 g5 18. Nd3 Ne7 19. Nac5 Ng6 20. f4 Nb6 21. fxg5 Qxg5 22. Nf4 Nc4 23. Qd3 Re8 24. Rfe1 Nd6 25. Qc2 Nc4 26. Qc3 Nd6 27. Kh1 Kg8 28. Bf3 Ne4 29. Bxe4 fxe4 30. Rf1 b5 31. Rc2 Ra7 32. Rcf2 Nh8 33. Nfxe6 Bxe6 34. Nxe6 Rxe6 35. Qc8+ Kg7 36. Qxe6 1-0

[Event "Berlin Eckbauer op 17th"]
[Site "Berlin"]
[Date "2014.11.17"]
[Round "6"]
[White "Rennspiess, Jens"]
[Black "Wallmann, Bodo"]
[Result "1/2-1/2"]
[WhiteElo "1773"]
[BlackElo "1894"]
[PlyCount "51"]
[EventDate "2014.10.06"]
[EventType "swiss"]
[EventRounds "7"]
[EventCountry "GER"]
[SourceTitle "EXT 2022"]
[Source "ChessBase"]
[SourceDate "2021.10.06"]
[SourceVersion "1"]
[SourceVersionDate "2021.10.06"]
[SourceQuality "1"]

1. e4 c5 2. Nf3 d6 3. d4 cxd4 4. Nxd4 Nf6 5. Nc3 a6 6. Bc4 e6 7. Bb3 Be7 8. 0-0 0-0 9. Be3 Qc7 10. Qe1 Nc6 11. Rd1 Bd7 12. f4 Ng4 13. Rf3 Nxe3 14. Rxe3 Nxd4 15. Rxd4 d5 16. exd5 Bc5 17. Qd2 Bxd4 18. Qxd4 Rfe8 19. Rg3 e5 20. Qd2 exf4 21. Rf3 Re3 22. d6 Qc5 23. Kh1 Qxd6 24. Bxf7+ Kxf7 25. Qxe3 Kg8 26. Qxf4 1/2-1/2

[Event "Berlin Eckbauer op 16th"]
[Site "Berlin"]
[Date "2013.11.04"]
[Round "5"]
[White "Wallmann, Bodo"]
[Black "Oginski, Ulrich"]
[Result "0-1"]
[WhiteElo "1894"]
[BlackElo "1869"]
[PlyCount "64"]
[EventDate "2013.10.07"]
[EventType "swiss"]
[EventRounds "7"]
[EventCountry "GER"]
[SourceTitle "EXT 2022"]
[Source "ChessBase"]
[SourceDate "2021.10.06"]
[SourceVersion "1"]
[SourceVersionDate "2021.10.06"]
[SourceQuality "1"]

1. d4 Nf6 2. c4 g6 3. Bg5 Bg7 4. Nc3 0-0 5. Nf3 c6 6. e3 d5 7. cxd5 cxd5 8. Bd3 Nc6 9. a3 h6 10. Bh4 Re8 11. 0-0 a6 12. Rc1 e5 13. dxe5 Nxe5 14. Nxe5 Rxe5 15. Bg3 Re7 16. h3 Bd7 17. Bh4 Bc6 18. Qb3 g5 19. Bg3 Qe8 20. Qc2 Rd8 21. b3 Nh5 22. Bh2 d4 23. exd4 Bxd4 24. Bc4 Nf4 25. Bxf4 gxf4 26. Qg6+ Bg7 27. Qf5 f3 28. g3 Re5 29. Qc2 b5 30. Bd3 Qe6 31. Kh2 Rh5 32. h4 Bd7 0-1

[Event "Berlin Eckbauer op 11th"]
[Site "Berlin"]
[Date "2008.10.06"]
[Round "5.18"]
[White "Hennings, Dirk"]
[Black "Wallmann, Bodo"]
[Result "0-1"]
[WhiteElo "1568"]
[BlackElo "1864"]
[PlyCount "84"]
[EventDate "2008.09.08"]
[EventType "swiss"]
[EventRounds "6"]
[EventCountry "GER"]
[SourceTitle "EXT 2022"]
[Source "ChessBase"]
[SourceDate "2021.10.06"]
[SourceVersion "1"]
[SourceVersionDate "2021.10.06"]
[SourceQuality "1"]

1. e4 c5 2. d4 cxd4 3. c3 Nf6 4. e5 Nd5 5. Qxd4 e6 6. Nf3 Nc6 7. Qd1 d6 8. c4 Nb6 9. Bf4 d5 10. Nc3 Bb4 11. cxd5 Nxd5 12. Bd2 Nxc3 13. Bxc3 Bxc3+ 14. bxc3 Qa5 15. Qb3 0-0 16. Bb5 Qc7 17. Bxc6 Qxc6 18. 0-0 a6 19. Rfd1 b5 20. Rd6 Qc7 21. Rad1 Bb7 22. Rd7 Qc8 23. Ng5 Qc6 24. Nf3 h6 25. R1d6 Qc8 26. Nd4 Bd5 27. Qc2 b4 28. Ne2 Qc4 29. g3 Rac8 30. Nf4 Be4 31. Qe2 Qxe2 32. Nxe2 bxc3 33. Rd4 Bd5 34. Rd1 Bxa2 35. Rc1 c2 36. Nd4 Bb1 37. Ra7 Rfd8 38. Nxc2 Bxc2 39. Rxa6 Rd1+ 40. Rxd1 Bxd1 41. Kf1 Bb3 42. Rb6 Bd5 0-1